Ghana : the land, the people and the culture :

Bibliographic Details
Format: Book
Published: Accra: Ghana Tourist Development, [199-].
Subjects:
LEADER 00536cam a2200157 7i4500
001 0000005355
005 19991025090000.0
002 ##000006984
020 0 0 |a T000005489  
090 0 0 |a GHAN 910.202   |b GHA 
245 0 0 |a Ghana :   |b the land, the people and the culture :   |b the land, the people and the culture :   |b a tourist guide. 
260 0 0 |a Accra:   |b Ghana Tourist Development,   |c [199-]. 
300 0 0 |a 64 p.. 
650 0 0 |a Ghana --   |x Voyages and travels --   |x Guidebooks  
651 0 0 |a Ghana  
999 |a 0000008210  |b Book  |c Open shelf  |e Business Information Centre